| 000 | 02387nam a22003497a 4500 | ||
|---|---|---|---|
| 001 | 102188 | ||
| 003 | KnowledgeUnlatched | ||
| 005 | 20210303105210.0 | ||
| 006 | m o d | ||
| 007 | cr u|||||||||| | ||
| 008 | 210129p20162019enk o u00| u eng d | ||
| 037 | _5BiblioBoard | ||
| 245 | 0 | 0 |
_aGramsci on Tahrir _bRevolution and Counter-Revolution in Egypt / _cBrecht De Smet. |
| 020 | _a9781783713455 | ||
| 029 | 1 | _ahttps://library.biblioboard.com/ext/api/media/6cd3dca1-c863-4965-8104-ade135e86e6c/assets/thumbnail.jpg | |
| 040 |
_aScCtBLL _cScCtBLL |
||
| 100 | 1 |
_aDe Smet, Brecht _eauthor. |
|
| 264 | 1 | _bPluto Press, | |
| 300 | _a1 online resource. | ||
| 506 | 0 |
_aAccess copy available to the general public. _fUnrestricted _2star |
|
| 520 | _aComing in the wake of intense political and academic debate on the nature and development of the Arab Uprisings, Gramsci on Tahrir zeroes in on the complex dynamic of Egypt's revolution and counter-revolution. It shows how a Gramscian understanding of the revolutionary process provides a powerful instrument for charting the possibilities for an emancipatory project by the Egyptian subaltern classes. Central to De Smet's argument is Gramsci's interpretation of ‘Caesarism', an occasion in which two evenly matched political opponents reach a potentially catastrophic stalemate; such an interplay between these forces can only end in mutual destruction. In applying this to the Egyptian revolution, we see how the Egyptian state was bereft of strong hegemonies and the people were replete with capable counter-hegemonies. The current situation in Egypt demonstrates how both national histories and global power relations enable, define and displace popular resistance and social transformation. | ||
| 588 | 0 | _aDescription based on print version record. | |
| 590 | _aKU Select 2018: HSS Backlist Books | ||
| 650 | 7 |
_aPhilosophy / Social _2bisacsh |
|
| 650 | 0 | _aPhilosophy | |
| 655 | 0 | _aElectronic books. | |
| 758 |
_iIs found in: _aKnowledge Unlatched _1https://openresearchlibrary.org/module/2774bc74-146a-484f-a7ba-ab1d6a09bbfb |
||
| 856 | 4 | 0 |
_uhttps://openresearchlibrary.org/content/6cd3dca1-c863-4965-8104-ade135e86e6c _zView this content on Open Research Library. _70 |
| 999 |
_c33879 _d33879 |
||